Football - National teams top scorers - Statistics

General Stats
  • This quiz has been taken 43 times
  • The average score is 16 of 20
Answer Stats
country status goals player % Correct
Portugal active 137 Cristiano Ronaldo
100%
Argentina active 112 Lionel Messi
100%
Uruguay active 69 Luis Suarez
100%
Poland active 84 Robert Lewandowski
100%
Sweden retired 62 Zlatan Ibrahimović
100%
Brazil active 79 Neymar
98%
Ivory Coast retired 63 Didier Drogba
95%
Belgium active 88 Romelu Lukaku
95%
England active 71 Harry Kane
93%
France active 57 Olivier Giroud
93%
Spain retired 59 David Villa
85%
Germany reitred 71 Miroslav Klose
85%
Chile active 51 Alexis Sanchez
83%
Netherlands retired 50 Robin van Persie
83%
Ireland retired 68 Robbie Keane
78%
Nigeria active 26 Victor Osimhen
68%
USA retired/retired 57 Clint Dempsey | Landon Donovan
66%
Croatia retired 45 Davor Suker
61%
Australia retired 49 Tim Cahill
41%
Japan retired 50 Shinji Okazaki
15%
No matching quizzes found
Score Distribution
Percent of People with Each Score
Percentile by Number Answered
Your Score History
You have not taken this quiz